Histoire de France par lettre - W - Statistiques

Statistiques générales
  • Ce quiz a été pris 3 086 fois
  • Le résultat moyen est 8 sur 20
Statistiques - réponses
Indices Réponses % Correct
Défaite décisive et définitive de Napoléon Ier en 1815 Bataille de {Waterloo}
99%
Peuple goth ayant migré de la Dacie vers l'Aquitaine à partir de 376 Wisigoths
75%
Région limitrophe au sujet de laquelle Charles de Gaulle déclara en 1960 "J’ai la conviction que seule leur prise en charge par un pays comme la France peut assurer leur avenir." Wallonie
73%
Genre que Morris parodia pour créer la bande dessinée Lucky Luke Western
72%
Ile du Pacifique dont la reine signa un traité de protectorat avec la France en 1887 Wallis
64%
L'une de leurs divisions a massacré la population d'Oradour-sur-Glane le 10 juin 1944 Waffen-SS
57%
Philosophe d'origine juive déportée en Pologne, comme son homonyme plus tard ministre de la Santé Simone Weil
55%
Pivot de 2,24m prodige du basketball français évoluant avec les Spurs de San Antonio depuis 2023 Victor Wembanyama
49%
Président étatsunien dont l'un des quatorze points prévoiyait la rétrocession de l'Alsace-Moselle à la France Woodrow Wilson
48%
Traités de 1648 qui permettent notamment à la France d'annexer Metz, Toul ou encore Verdun mais qui ne mettent pas fin à son conflit avec l'Espagne Traités de {Westphalie}
44%
Il menait les armées des Alliés au cours de cette bataille Arthur Wellesley de Wellington
29%
Victoire décisive de Napoléon Ier sur les Autrichiens au Nord de Vienne en 1809 Bataille de {Wagram}
27%
Entreprise française à laquelle on doit notamment la création de l'Orient-Express en 1883 Compagnie internationale des {wagons}-{lits}
25%
Capitale du Manitoba dont les premiers occupants européens furent des trappeurs et coureurs des bois français Winnipeg
17%
Royaume donnant aujourd'hui une partie de son nom à un land allemand qui combattit aux côtés des Français au cours de cette bataille Wurtemberg
12%
Acteur et réalisateur étatsunien dont à qui Hazanavicius et Mézerette firent dire "Pas mal, non ? C'est français." dans La Classe américaine Orson Welles
10%
Président du Conseil de 1899 à 1902 artisan de la loi de 1901 sur les associations Pierre Waldeck-Rousseau
10%
Commune du Nord dont les habitants sont surnommés les "copés in deux" en référence aux portes à double battants des maisons de tisserands du XIXe siècle Wattrelos
8%
Sous-préfecture alsacienne de 1800 à 1871 puis de 1920 à 2015 Wissembourg
8%
Victoire française contre le Saint-Empire et les Pays-Bas au Sud de Maubeuge en 1793, dans le contexte des guerres de la Révolution Bataille de {Wattignies}
3%
Aucun quiz correspondant
Distribution des résultats
% des personnes avec chaque résultat
Percentile par nombre de réponses
Votre historique - résultats
Vous n’avez pas pris ce quiz